1661 1153 1372 1466 1517 1589 1458 1158 1805 1436 1542 1908 1948 1466 1790 1549 1253 1477 1655 1140 1750 1748 1581 1588 1420 1986 1026 1750 1100 1314 1492 1342 1565 1369 1763 1391 1239 1720 1043 1206 1332 1426 1085 1333 1391 1075 1509 1628 1236 1294 1507 1511 1824 1566 1539 1331 1965 1230 1934 1234 1209 1207 1727 1793 1832 1962 1772 1083 1703 1461 1422 1113 1550 1436 1908 1808 1981 1836 1851 1671 1715 1019 1104 1080 1753 1049 1334 1562 1508 1367 1669 1532 1190 1357 1995 1722 1660 1194 1845 BCNSPRNW ULIB Ver.6.0+V

เปลี่ยนเป็นภาษาไทย

Change to English
 แสดงรายละเอียดบรรณานุกรม
  กลับหน้าหลัก

Brief Record : Get Marc (ISO 2709) : E-mail record : QR code < ปิดหน้าต่าง
LEADER : 00000nam 2200000uu 4500
001    13399112618
003     ULIB
008    110829s2547||||th 000 0 tha d
020    9746138561
050 04 HQ773^bส719ป ล.1 2547
245 00 ปัญหาเด็กและเยาวชนกับการส่งเสริมอาชีพ หน่วยที่ 1-7=^bJuvenile problems and creer promotion/^cสาขาวิชาคหกรรมศาสตร์ มหาวิทยาลัยสุโขทัยธรรมาธิราช
250    พิมพ์ครั้งที่ 8
260    นนทบุรี :^bมหาวิทยาลัยสุโขทัยธรรมาธิราช,^c2547
300    562 หน้า :^bภาพประกอบ ;^c30 ซม
650  7 เด็กที่เป็นปัญหา
650  7 เด็ก^xการสังเคราะห์
650  7 เยาวชน^xการสังเคราะห์
650  7 การแนะแนวอาชีพ
945    ^p0^l0^i018544
999 ^a ทศพร
รายการนี้ยังไม่มีแท็ก
คุณยังไม่ได้ล็อกอิน คุณสามารถมีกิจกรรมร่วมกับเว็บไซต์ได้ แต่ต้องล็อกอินก่อน ::
  ล็อกอิน

รายการสื่อสารสนเทศ

ลำดับที่ ประเภท เลขเรียก/บาร์โค้ด สถานที่ สถานะ
- ไม่พบข้อมูล -

รายการใกล้เคียง
    หัวเรื่อง [เด็กที่เป็นปัญหา]
    หัวเรื่อง [การแนะแนวอาชีพ]

BibComment


ยังไม่เคยถูกคอมเมนท์

คอมเมนท์ทรัพยากรรายการนี้
  คอมเมนท์: ปัญหาเด็กและเยาวช..


 Copyright 2026. Bcnsprnw @Library